000 00481nam a2200181Ia 4500
001 5001
005 20260306145836.0
008 260306t2008||||xx |||||||||||||| ||spa||
041 _aESP
082 _a332.6
_bM36
100 _aMedianero Burga, David
_eAUT
245 0 _aProyectos de inversión pública:
_bteoría e instrumentos de identificación, formulación y evaluación
260 _c2008
300 _a
_c
650 _aGEN
654 _aCAN
942 _cLIB
_dJUS
_fJUS
_2ddc
_n
999 _c5001
_d5001